000 00515nam a2200181Ia 4500
999 _c28949
_d28949
003 OSt
005 20201208105615.0
008 190216s9999||||xx |||||||||||||| ||und||
020 _a9788182642652
040 _coclc
082 _a894.8124
_bKOV/K
100 _aKovilan
_95743
245 0 _aKovilante Lekhanangal /
_cKovilan
260 _bMathrubhumi Printing &publishing,
_aKozhikode:
_c2006
300 _a258p
650 _aLekhanam
942 _cBK
_2ddc
_h894.8124
_iKOV/K
_k894.8124
_mKOV/K